000 00424nam a2200181Ia 4500
001 11405
005 20260306162825.0
008 260306t1996||||xx |||||||||||||| ||spa||
041 _aESP
082 _a985.019
_bB28
100 _aBauer, Brian S.
_eAUT
245 0 _aEl desarrollo del estado inca
260 _c1996
300 _a216 páginas :
_c23 cm.
650 _aGEN
654 _aCHU
942 _cLIB
_dJUS
_fJUS
_2ddc
_n
999 _c11405
_d11405